000 00482nam a2200193Ia 4500
008 151121s9999||||xx |||||||||||||| ||und||
082 _a826/ROB
082 _bHNW-2858
100 _aRobson W। A।
245 _aLabour Under Nazi Rule
260 _bOxford At The Clarendon Press
260 _c--
300 _a32
600 _aRobson W। A।
630 _aLabour Under Nazi Rule
700 _aRobson W। A।
730 _aLabour Under Nazi Rule
942 _cBOOK
999 _c1211665
_d1211662